Biblioteca

Historia Universal siglo XXI : Los fundamentos del mundo moderno : Edad media tardía, Reforma, Renacimiento / Ruggiero Romano, Alberto Tenenti (Registro nro. 43201)

Detalles MARC
000 -LÍDER
Campo fijo de descripción fija 004590000a22001570004500
020 ## - NÚMERO INTERNACIONAL NORMALIZADO PARA LIBROS
Número Internacional Normalizado del libro 968-23-0504-7
041 0# - CÓDIGO DE IDIOMA
Código de idioma para texto/pista de sonido o título separado
082 04 - NÚMERO DE CLASIFICACIÓN DECIMAL DEWEY
Número de clasificación G 909 R7591f
001 - NÚMERO DE CONTROL
Campo de control 14317
100 1# - ASIENTO PRINCIPAL--NOMBRE PERSONAL
Nombre personal Romano, Ruggiero (1923-)
245 10 - TÍTULO
Título del Material Historia Universal siglo XXI : Los fundamentos del mundo moderno : Edad media tardía, Reforma, Renacimiento / Ruggiero Romano, Alberto Tenenti
250 ## - MENCIÓN DE EDICIÓN
Mención de edición 9
260 ## - PUBLICACIÓN, DISTRIBUCIÓN, ETC. (PIE DE IMPRENTA)
Lugar de publicación, distribución, etc. México : Siglo Veintiuno
300 ## - DESCRIPCIÓN FÍSICA
Extensión 327 Pág.
942 ## - TIPO DE MATERIAL (KOHA)
Tipo de Item KOHA Libros General
Existencias
Estado de Material Estado de Perdido Forma de Clasificación Volumen-Parte/Tomo Estado de Dañado No para Préstamo Colección Tomo Biblioteca de Origen Biblioteca Permanente Fecha de Adquisición Total de Préstamos Signatura Topográfica Código de Barras Última vez visto Ejemplar/Existencia Fecha de Remplazo Tipo de Material
    Dewey Decimal Classification 12     Colección General   Biblioteca FUSBC Biblioteca FUSBC 01/06/2007   G 909 R7591f 15773 12/12/2019 Ej. 1 26/01/2016 Libros General

Biblioteca FUSBC | Teléfono: (57+4) 349 88 10 Ext. 141| WhatsApp (+57) 3005338115 
E-mail: biblioteca@unisbc.edu.co | Calle 76 87-14 Robledo Palenque, Medellín, Colombia

Con tecnología Koha